| 000 | 00779nam a22001815i 4500 | ||
|---|---|---|---|
| 001 | 168677 | ||
| 003 | ES-MaACL | ||
| 005 | 20230906213844.0 | ||
| 008 | 080505s2005 sp |||| | spa d | ||
| 020 | _a84-609-7589-4 | ||
| 080 | _a94(460.27)(063) | ||
| 111 | 2 |
_aInstituto de Estudios Históricos del Sur de Madrid "Jiménez de Gregorio" Congreso ( _n3º. _d2005. _cGetafe) _9137760 |
|
| 245 | 1 | 0 |
_aTercer Congreso del Instituto de Estudios Históricos del Sur de Madrid "Jiménez de Gregorio" _b: 21, 22 y 23 de octubre 2005. |
| 260 |
_a[Alcorcón (Madrid)] : _bI.E.H.S.M. "Jiménez de Gregorio", _c2005. |
||
| 300 |
_a305 p. : _bil. ; _c24 cm. |
||
| 651 | 4 |
_aMadrid (Comunidad Autónoma)- _xHistoria- _vCongresos y asambleas. _9137761 |
|
| 852 |
_aES-MaACL _jL-29414 _9R.142837 |
||
| 999 |
_c168677 _d168677 |
||